[Event "Imperia op 29th"]
[Site "Imperia"]
[Date "1987.09.13"]
[Round "8.16"]
[White "Tesche, Wolfram"]
[Black "Maillard, Piero L"]
[Result "0-1"]
[WhiteElo "2000"]
[BlackElo "2000"]
[PlyCount "58"]
[EventDate "1987.09.06"]
[EventType "swiss"]
[EventRounds "8"]
[EventCountry "ITA"]
[SourceTitle "EXT 2023"]
[Source "ChessBase"]
[SourceDate "2022.10.05"]
[SourceVersion "1"]
[SourceVersionDate "2022.10.05"]
[SourceQuality "1"]

1. c4 Nf6 2. Nc3 g6 3. e4 d6 4. d4 Bg7 5. Be2 0-0 6. Nf3 Nc6 7. 0-0 Bg4 8. h3 Bxf3 9. Bxf3 Nd7 10. Be3 e5 11. Ne2 a5 12. d5 Ne7 13. Ng3 f5 14. exf5 Nxf5 15. Nxf5 gxf5 16. g3 Kh8 17. Qd2 Qf6 18. Qe2 Rae8 19. Bg2 f4 20. Qg4 fxe3 21. Qxd7 e2 22. Rfe1 Qxf2+ 23. Kh2 h5 24. g4 e4 25. Rxe2 Qxe2 26. gxh5 Be5+ 27. Kh1 Rg8 28. Rg1 Ref8 29. Qe6 Qxg2+ 0-1

[Event "Imperia op 29th"]
[Site "Imperia"]
[Date "1987.09.11"]
[Round "6.19"]
[White "Vujovic, Milorad"]
[Black "Maillard, Piero L"]
[Result "1-0"]
[WhiteElo "2340"]
[BlackElo "2000"]
[PlyCount "108"]
[EventDate "1987.09.06"]
[EventType "swiss"]
[EventRounds "8"]
[EventCountry "ITA"]
[SourceTitle "EXT 2023"]
[Source "ChessBase"]
[SourceDate "2022.10.05"]
[SourceVersion "1"]
[SourceVersionDate "2022.10.05"]
[SourceQuality "1"]

1. e4 c5 2. Nf3 d6 3. h3 g6 4. c3 Bg7 5. d4 Nd7 6. Bc4 cxd4 7. cxd4 e6 8. Nc3 a6 9. 0-0 Ne7 10. Bf4 Nb6 11. Bb3 0-0 12. Qd2 d5 13. e5 Bd7 14. Bh6 Rc8 15. Bxg7 Kxg7 16. Rad1 Nc4 17. Bxc4 Rxc4 18. b3 Rc7 19. Nh2 Ng8 20. Rfe1 Qe7 21. Rc1 Rfc8 22. Ne2 Bb5 23. Rxc7 Rxc7 24. Nf4 Qd8 25. a4 Be8 26. Ng4 Qc8 27. Re3 h5 28. Nxh5+ gxh5 29. Rg3 hxg4 30. Rxg4+ Kf8 31. Qg5 Nh6 32. Qxh6+ Ke7 33. h4 Rc1+ 34. Kh2 Rf1 35. Qf6+ Kd7 36. h5 Qc1 37. Kg3 Rh1 38. Rh4 Qc3+ 39. f3 Qe1+ 40. Kg4 Rxh4+ 41. Qxh4 Qxh4+ 42. Kxh4 Ke7 43. Kg5 Kf8 44. Kf6 Bxa4 45. h6 Kg8 46. h7+ Kxh7 47. bxa4 b5 48. axb5 axb5 49. Kxf7 b4 50. g4 b3 51. g5 b2 52. g6+ Kh6 53. g7 b1Q 54. g8Q Qf5+ 1-0

[Event "Imperia op 29th"]
[Site "Imperia"]
[Date "1987.09.10"]
[Round "5.24"]
[White "Visentin, Claudio"]
[Black "Maillard, Piero L"]
[Result "0-1"]
[WhiteElo "2110"]
[BlackElo "2000"]
[PlyCount "94"]
[EventDate "1987.09.06"]
[EventType "swiss"]
[EventRounds "8"]
[EventCountry "ITA"]
[SourceTitle "EXT 2023"]
[Source "ChessBase"]
[SourceDate "2022.10.05"]
[SourceVersion "1"]
[SourceVersionDate "2022.10.05"]
[SourceQuality "1"]

1. Nf3 Nf6 2. g3 g6 3. b3 Bg7 4. Bb2 0-0 5. Bg2 d6 6. 0-0 Nc6 7. d3 e5 8. c4 Bg4 9. h3 Bxf3 10. Bxf3 d5 11. cxd5 Nxd5 12. Nd2 f5 13. e4 Ndb4 14. exf5 gxf5 15. Bxc6 Nxc6 16. Nf3 Qd5 17. Qe2 Rae8 18. Rfe1 e4 19. Bxg7 Kxg7 20. Qb2+ Kg8 21. dxe4 fxe4 22. Rad1 Qf5 23. Nh4 Qxh3 24. Rd5 Qg4 25. Qc1 Ne5 26. Qxc7 Rf7 27. Qa5 Qe6 28. Rd8 Ref8 29. Rxf8+ Rxf8 30. Qa4 Qb6 31. Re2 Nd3 32. Qxe4 Rxf2 33. Qe6+ Qxe6 34. Rxe6 Rxa2 35. Re7 b6 36. Nf5 Nc5 37. Rg7+ Kf8 38. b4 Nd3 39. b5 Rf2 40. Rd7 Rxf5 41. Rxd3 Rxb5 42. Rd7 a5 43. Rxh7 a4 44. Kf2 a3 45. Rh1 a2 46. Ra1 Rb2+ 47. Ke3 b5 0-1